Visualizzazione normale
Vista MARC
- Perez-Soba Juan José, Perez Candelario Tomas (a cura di)
di Personal Name
Records bibliografici associati: 1
001 - CONTROL NUMBER
- control field: 59135
003 - CONTROL NUMBER IDENTIFIER
- control field:
005 - DATE AND TIME OF LATEST TRANSACTION
- control field: 20220908153020.0
008 - FIXED-LENGTH DATA ELEMENTS
- fixed length control field: 220908|| aca||aabn | a|a d
040 ## - CATALOGING SOURCE
- Original cataloging agency:
- Transcribing agency:
100 ## - HEADING--PERSONAL NAME
- Personal name: Perez-Soba Juan José, Perez Candelario Tomas (a cura di)
670 ## - SOURCE DATA FOUND
- Source citation: Work cat.: (): Perez-Soba Juan José, Perez Candelario Tomas (a cura di), Intelligenza d'amore: una nuova epistemologia morale oltre la dialettica tra norma e caso, 2018